000 00502nam a2200193Ia 4500
005 20140402135800.0
008 140130s9999 xx 000 0 und d
020 _a0439738911
050 _aPS 3232
_b.K47 2005
100 _aKerley, Barbara
_926188
245 _cBarbara Kerley.
_aWalt Witman :
_bwords for America
260 _bScholastic,
_aUSA :
_c2005.
300 _a50 p. :
_bcol.ill. ;
_c31 cm.
440 _v1
_931174
521 _aG8
526 _c970
942 _cBK
_2lcc
999 _c41316
_d41316